[Event "Frankfurt-ch"]
[Site "Frankfurt"]
[Date "2007.06.11"]
[Round "6"]
[White "Stein, Wolfgang"]
[Black "Vogelgesang, Marc"]
[Result "1-0"]
[WhiteElo "1954"]
[BlackElo "1520"]
[PlyCount "81"]
[EventDate "2007.04.30"]
[EventType "swiss"]
[EventRounds "7"]
[EventCountry "GER"]
[SourceTitle "EXT 2008"]
[Source "ChessBase"]
[SourceDate "2007.11.25"]
[SourceVersion "1"]
[SourceVersionDate "2007.11.25"]
[SourceQuality "1"]

1. e4 c5 2. d4 cxd4 3. c3 dxc3 4. Nxc3 d6 5. Bc4 e6 6. Nf3 Nf6 7. Qe2 Nc6 8. 0-0 Be7 9. Rd1 0-0 10. e5 Nd7 11. exd6 Bf6 12. Ne4 Nb6 13. Nxf6+ Qxf6 14. Bg5 Qg6 15. Bb3 Bd7 16. Rac1 Rac8 17. Be7 Rfe8 18. Rc2 Nxe7 19. Ne5 Rxc2 20. Bxc2 Qf6 21. Nxd7 Nxd7 22. dxe7 Qxe7 23. Ba4 Nf6 24. Bxe8 Qxe8 25. Rd2 Kf8 26. h3 Nd5 27. Qe4 h6 28. Qh7 Nf6 29. Qc2 Nd5 30. Qc5+ Kg8 31. Qxa7 Qc6 32. Qd4 Qc1+ 33. Kh2 Qc7+ 34. g3 Qc6 35. a3 Qc7 36. Qd3 Qc6 37. Rc2 Qd7 38. Rc4 Qe7 39. Qc2 g6 40. Rc8+ Kg7 41. Qc5 1-0

[Event "Frankfurt-ch"]
[Site "Frankfurt"]
[Date "2007.05.21"]
[Round "4"]
[White "Krohne, Robert"]
[Black "Vogelgesang, Marc"]
[Result "1-0"]
[WhiteElo "1785"]
[BlackElo "1520"]
[PlyCount "75"]
[EventDate "2007.04.30"]
[EventType "swiss"]
[EventRounds "7"]
[EventCountry "GER"]
[SourceTitle "EXT 2008"]
[Source "ChessBase"]
[SourceDate "2007.11.25"]
[SourceVersion "1"]
[SourceVersionDate "2007.11.25"]
[SourceQuality "1"]

1. e4 c5 2. Nf3 Nc6 3. d4 cxd4 4. Nxd4 g6 5. Nc3 Bg7 6. Be3 Nf6 7. Be2 0-0 8. 0-0 d5 9. exd5 Nxd5 10. Nxd5 Qxd5 11. Bf3 Qd7 12. Nxc6 bxc6 13. c3 Rb8 14. Qc2 Qc7 15. Rfd1 Be6 16. b3 Rfc8 17. Rd2 Bf5 18. Qb2 Kf8 19. Rad1 Be6 20. Qc2 Kg8 21. Bd4 Qb7 22. Bxg7 Kxg7 23. Qe4 Qc7 24. Qd4+ Kg8 25. Bg4 Bxg4 26. Qxg4 Rd8 27. Rd7 Rxd7 28. Rxd7 Qc8 29. Qd4 Qe8 30. Qxa7 Rd8 31. Rxd8 Qxd8 32. Qd4 Qa5 33. a4 Qf5 34. Qd1 Qe5 35. Qd8+ Kg7 36. Qd4 Kf6 37. a5 Ke6 38. Qxe5+ 1-0

[Event "Frankfurt-ch"]
[Site "Frankfurt"]
[Date "2007.04.30"]
[Round "1"]
[White "Vogelgesang, Marc"]
[Black "Bischoff, Ulrich"]
[Result "0-1"]
[WhiteElo "1520"]
[BlackElo "2090"]
[PlyCount "88"]
[EventDate "2007.04.30"]
[EventType "swiss"]
[EventRounds "7"]
[EventCountry "GER"]
[SourceTitle "EXT 2008"]
[Source "ChessBase"]
[SourceDate "2007.11.25"]
[SourceVersion "1"]
[SourceVersionDate "2007.11.25"]
[SourceQuality "1"]

1. e4 c5 2. Nf3 d6 3. d4 cxd4 4. Nxd4 Nf6 5. Nc3 a6 6. Be2 e5 7. Nb3 Be7 8. a4 0-0 9. 0-0 Qc7 10. Bg5 Nbd7 11. Qd2 b6 12. Rad1 Bb7 13. Rfe1 Rfe8 14. Bf3 Rac8 15. Nc1 Bf8 16. N1a2 h6 17. Bh4 Qc5 18. Qe3 g5 19. Bg3 g4 20. Qxc5 Nxc5 21. Be2 Ncxe4 22. Bh4 h5 23. Nxe4 Nxe4 24. Bxa6 Bxa6 25. Rxe4 Rxc2 26. Nb4 Rc4 27. Rxc4 Bxc4 28. Nd5 Bxd5 29. Rxd5 Rc8 30. Bg5 Rc4 31. b3 Rb4 32. Rb5 Rxb5 33. axb5 d5 34. Bd8 Bc5 35. b4 Bd4 36. Kf1 Kg7 37. Ke2 e4 38. Ke1 f6 39. Ke2 Kf7 40. Ke1 Ke8 41. Bc7 Kd7 42. Bf4 Bc3+ 43. Bd2 Bxd2+ 44. Kxd2 d4 0-1

[Event "Frankfurt-ch"]
[Site "Frankfurt"]
[Date "2006.04.24"]
[Round "1"]
[White "Von Auer, Ulrich"]
[Black "Vogelgesang, Marc"]
[Result "1-0"]
[WhiteElo "1990"]
[BlackElo "1552"]
[PlyCount "95"]
[EventDate "2006.04.24"]
[EventType "swiss"]
[EventRounds "7"]
[EventCountry "GER"]
[SourceTitle "EXT 2007"]
[Source "ChessBase"]
[SourceDate "2006.11.23"]
[SourceVersion "1"]
[SourceVersionDate "2006.11.23"]
[SourceQuality "1"]

1. e4 c5 2. Nf3 d6 3. Nc3 Nf6 4. d4 cxd4 5. Nxd4 e5 6. Nb3 Be6 7. Be2 a6 8. Be3 Be7 9. 0-0 0-0 10. f4 Bd7 11. Nd5 Nxd5 12. exd5 f6 13. a4 Be8 14. Nd2 Nd7 15. a5 Bf7 16. Nc4 Rc8 17. f5 g6 18. g4 g5 19. Kg2 Kg7 20. Bf2 Rh8 21. Ra3 h5 22. h3 Rh7 23. b4 Qh8 24. Bg3 Qg8 25. Ne3 Qh8 26. c4 Qf8 27. Qd2 Rh6 28. Bf3 hxg4 29. hxg4 Rh7 30. Raa1 Rh6 31. Rh1 Rh7 32. Qd3 Rh6 33. Rxh6 Kxh6 34. Nd1 Kg7 35. Nc3 Bg8 36. Bf2 Bf7 37. Ne4 Kh7 38. Bd1 Kg7 39. Ba4 Be8 40. Bb3 Bf7 41. c5 dxc5 42. d6 c4 43. dxe7 Qxe7 44. Qd6 Qd8 45. Ba4 Nb8 46. Bc5 Qxd6 47. Nxd6 Bd5+ 48. Kg3 1-0

[Event "Frankfurt-ch"]
[Site "Frankfurt"]
[Date "2005.05.23"]
[Round "4"]
[White "Raetsch, Kurt"]
[Black "Vogelgesang, Marc"]
[Result "1-0"]
[WhiteElo "1852"]
[BlackElo "1626"]
[PlyCount "41"]
[EventDate "2005.04.25"]
[EventType "swiss"]
[EventRounds "7"]
[EventCountry "GER"]
[SourceTitle "EXT 2006"]
[Source "ChessBase"]
[SourceDate "2005.11.24"]
[SourceVersion "1"]
[SourceVersionDate "2005.11.24"]
[SourceQuality "1"]

1. e4 d5 2. exd5 Nf6 3. d4 Nxd5 4. Nf3 e6 5. Bd3 Be7 6. 0-0 0-0 7. Re1 b6 8. c4 Nf6 9. Nc3 Bb7 10. Bf4 Bd6 11. Bg5 Nbd7 12. Rc1 Be7 13. Bb1 c5 14. d5 Nxd5 15. Qc2 g6 16. Bh6 Nb4 17. Qe2 Re8 18. Rcd1 Bxf3 19. Qxf3 Bf8 20. Bxf8 Rxf8 21. Qb7 1-0

[Event "Karl Mala Memorial op 08th"]
[Site "Frankfurt"]
[Date "2004.07.22"]
[Round "1"]
[White "Rafiee, Makan"]
[Black "Vogelgesang, Marc"]
[Result "0-1"]
[WhiteElo "1654"]
[BlackElo "1565"]
[PlyCount "58"]
[EventDate "2004.07.22"]
[EventType "swiss"]
[EventRounds "7"]
[EventCountry "GER"]
[SourceTitle "EXT 2005"]
[Source "ChessBase"]
[SourceDate "2004.11.15"]
[SourceVersion "1"]
[SourceVersionDate "2004.11.15"]
[SourceQuality "1"]

1. e4 e6 2. d4 d5 3. Nd2 Nf6 4. e5 Nfd7 5. Bd3 c5 6. c3 Nc6 7. Ne2 f6 8. exf6 Nxf6 9. Nf3 Bd6 10. Bf4 Bxf4 11. Nxf4 cxd4 12. cxd4 0-0 13. 0-0 Qd6 14. Nh3 e5 15. dxe5 Nxe5 16. Nhg5 Nxd3 17. Qxd3 h6 18. Nh3 Bxh3 19. gxh3 Nh5 20. h4 Nf4 21. Qc2 Rac8 22. Qb1 Qd7 23. Ne1 Nh3+ 24. Kh1 Nxf2+ 25. Rxf2 Rxf2 26. Qd3 Qf7 27. Ng2 Rf8 28. Rg1 Qf3 29. Qb1 Rf1 0-1